000 00277nam a2200121Ia 4500
008 190216s9999||||xx |||||||||||||| ||und||
100 _aPeter Alexander
245 0 _aShakespear Complete Works
260 _bCollins
300 _a1376p
650 _aEnglish Drama
942 _cBK
999 _c11572
_d11572